[Event "SVR-op 30th"]
[Site "Nickenich"]
[Date "2007.03.31"]
[Round "2"]
[White "Decrouppe, Johann"]
[Black "Song, Ruowei"]
[Result "1-0"]
[WhiteElo "1576"]
[BlackElo "1266"]
[PlyCount "81"]
[EventDate "2007.03.31"]
[EventType "swiss"]
[EventRounds "7"]
[EventCountry "GER"]
[SourceTitle "EXT 2009"]
[Source "ChessBase"]
[SourceDate "2008.11.26"]
[SourceVersion "1"]
[SourceVersionDate "2008.11.26"]
[SourceQuality "1"]

1. c4 c6 2. Nc3 d5 3. cxd5 cxd5 4. g3 Bf5 5. Bg2 e6 6. Nf3 Nc6 7. 0-0 Nf6 8. Qa4 Qa5 9. Qxa5 Nxa5 10. Nb5 Kd8 11. d3 a6 12. Nbd4 Bg6 13. Bd2 Nc6 14. Nxc6+ bxc6 15. Ne5 Rc8 16. Ba5+ Ke8 17. Rac1 c5 18. b4 Nd7 19. Nxg6 hxg6 20. Rc2 Rb8 21. a3 cxb4 22. axb4 Bd6 23. Rc6 Ke7 24. Rb1 Ra8 25. Ra1 Rhc8 26. Rac1 Rxc6 27. Rxc6 Ne5 28. Rb6 Rb8 29. Rxa6 Bxb4 30. Bc7 Rc8 31. Bxe5 f6 32. Ra7+ Kf8 33. Bf4 e5 34. Rb7 Bc3 35. Bc1 d4 36. Ba3+ Kg8 37. Bd5+ Kh7 38. Bc4 Ra8 39. Be7 Ra1+ 40. Kg2 Kh6 41. Bf8 1-0

[Event "SVR-ch HT 29th"]
[Site "Koblenz"]
[Date "2006.04.14"]
[Round "6"]
[White "Song, Ruowei"]
[Black "Kraemer, Lucas"]
[Result "1-0"]
[WhiteElo "1275"]
[BlackElo "909"]
[PlyCount "113"]
[EventDate "2006.04.08"]
[EventType "swiss"]
[EventRounds "7"]
[EventCountry "GER"]
[SourceTitle "EXT 2009"]
[Source "ChessBase"]
[SourceDate "2008.11.26"]
[SourceVersion "1"]
[SourceVersionDate "2008.11.26"]
[SourceQuality "1"]

1. e4 e5 2. Nf3 Nc6 3. Bb5 d6 4. Bxc6+ bxc6 5. d4 f6 6. dxe5 fxe5 7. 0-0 Nf6 8. Bg5 Be7 9. Nc3 Ba6 10. Re1 Rb8 11. b3 h6 12. Bxf6 Bxf6 13. a3 0-0 14. Na2 Re8 15. Nb4 Rb6 16. Nxa6 Rxa6 17. Qd3 Rb6 18. a4 Rb8 19. Qc4+ d5 20. Qxc6 dxe4 21. Qxe4 Qe7 22. Rad1 Rb4 23. Qd5+ Qe6 24. Qxe6+ Rxe6 25. Nd4 Rd6 26. Nb5 Rxd1 27. Rxd1 c6 28. Nxa7 Rb6 29. Nc8 Rb8 30. Nd6 Rd8 31. c4 e4 32. c5 Be5 33. h3 Bxd6 34. Rxd6 Rxd6 35. cxd6 Kf7 36. a5 Ke6 37. a6 Kxd6 38. a7 c5 39. a8Q Ke5 40. Qe8+ Kd4 41. Qa4+ Kc3 42. Qc4+ Kb2 43. Qxc5 Kxb3 44. Qe3+ Kb4 45. Qxe4+ Kb5 46. Kf1 g5 47. Ke2 g4 48. hxg4 h5 49. gxh5 Kc5 50. Qd3 Kb4 51. Qc2 Ka3 52. Qb1 Ka4 53. Kd3 Ka5 54. Kc4 Ka6 55. Kc5 Ka7 56. Kc6 Ka8 57. Qb7# 1-0

[Event "SVR-ch HT 29th"]
[Site "Koblenz"]
[Date "2006.04.13"]
[Round "4"]
[White "Song, Ruowei"]
[Black "Lauer, Daniel"]
[Result "1-0"]
[WhiteElo "1275"]
[BlackElo "927"]
[PlyCount "43"]
[EventDate "2006.04.08"]
[EventType "swiss"]
[EventRounds "7"]
[EventCountry "GER"]
[SourceTitle "EXT 2009"]
[Source "ChessBase"]
[SourceDate "2008.11.26"]
[SourceVersion "1"]
[SourceVersionDate "2008.11.26"]
[SourceQuality "1"]

1. e4 g6 2. d4 Bg7 3. Nf3 e6 4. Nc3 d5 5. exd5 exd5 6. Qe2+ Ne7 7. Bg5 f6 8. Be3 Bg4 9. h3 Bxf3 10. Qxf3 c6 11. Bd3 Nd7 12. 0-0 0-0 13. Rfe1 Nb6 14. Re2 f5 15. Bg5 Re8 16. Rae1 Bf8 17. Qe3 Kf7 18. Qe6+ Kg7 19. Bf6+ Kh6 20. Qe3+ f4 21. Qxf4+ g5 22. Qxg5# 1-0

[Event "SVR-ch HT 29th"]
[Site "Koblenz"]
[Date "2006.04.08"]
[Round "2"]
[White "Song, Ruowei"]
[Black "Senger, Alexander"]
[Result "0-1"]
[WhiteElo "1275"]
[BlackElo "1629"]
[PlyCount "122"]
[EventDate "2006.04.08"]
[EventType "swiss"]
[EventRounds "7"]
[EventCountry "GER"]
[SourceTitle "EXT 2009"]
[Source "ChessBase"]
[SourceDate "2008.11.26"]
[SourceVersion "1"]
[SourceVersionDate "2008.11.26"]
[SourceQuality "1"]

1. e4 e5 2. Nf3 Nc6 3. Bb5 a6 4. Ba4 d6 5. Bxc6+ bxc6 6. d4 exd4 7. Qxd4 c5 8. Qd3 Nf6 9. 0-0 Be7 10. Nc3 Bb7 11. Bg5 0-0 12. Rfe1 Nd7 13. Bxe7 Qxe7 14. Nd5 Qd8 15. c4 Rb8 16. b3 Re8 17. Rad1 Ne5 18. Nxe5 Rxe5 19. f4 Rh5 20. Qg3 c6 21. Nc3 d5 22. e5 d4 23. Ne4 Rh6 24. Nxc5 Ba8 25. Nxa6 Rc8 26. Nc5 Qa5 27. Na4 c5 28. Qg4 Qd8 29. e6 Rc6 30. exf7+ Kxf7 31. Qf5+ Rhf6 32. Qxh7 Rxf4 33. Rf1 Rcf6 34. Rxf4 Rxf4 35. Qh5+ Kg8 36. Nxc5 Qe7 37. Nd3 Qe3+ 38. Kh1 Rf6 39. h3 Rh6 40. Re1 Qxe1+ 41. Nxe1 Rxh5 42. Kg1 Rf5 43. g4 Rf4 44. Nd3 Rf3 45. Ne1 Rxh3 46. Kf2 Rh2+ 47. Kg3 Rxa2 48. Kf4 Rb2 49. Ke5 Re2+ 50. Kxd4 Rxe1 51. b4 Re4+ 52. Kc5 Rxg4 53. b5 Kf7 54. Kd6 Rxc4 55. b6 g5 56. Ke5 g4 57. Kd6 g3 58. b7 Bxb7 59. Kd7 g2 60. Kd6 g1Q 61. Kd7 Qd1# 0-1